| 000 | 00310nam a2200109 4500 | ||
|---|---|---|---|
| 999 |
_c15217 _d15217 |
||
| 008 | 200306b ||||| |||| 00| 0 eng d | ||
| 245 | _aPNP warns public vs 'Tokhang' call scam. | ||
| 260 |
_aPhilippines; _bManila Bulletin, _c©2019. |
||
| 300 |
_apage 3; _c29.5cm. |
||
| 650 |
_aPolice. _942000 |
||
| 942 |
_2ddc _cPER |
||